00587nam a2200193Ia 450000500170000000800410001702000160005804000190007404100120009308200130010510000190011824501180013726000400025530000310029550400190032665000150034565100230036085000100038320230502123653.0131103s9999 xx 000 0 und d a007052913 2 aLoreto College aEnglish a658bLOG aLogan, John R. aEvolution not revolutionb aligning technology with corporate strategy to increase market value cby John R.Logan aNew DelhibTata McGraw - Hillc2002 axviii, 233 p.b ill., dia. aIncludes index aManagement aGeneral Management aLCLIB